Представление документа в формате MARC21

ПолеНазваниеЗначение
  Тип записи a
  Библиографический уровень m
001 Контрольный номер RU\infra-m\znanium\bibl\2208971
005 Дата корректировки 20260429142134.8
008 Кодируемые данные 250508s2025 RU g rus u
020 Индекс ISBN __
a ISBN 978-5-16-019296-3
020 Индекс ISBN __
a ISBN 978-5-16-111987-7 (электр. издание)
040 Источник каталогиз. __
a Служба первич. каталог. Общество с ограниченной ответственностью «ЗНАНИУМ»
041 Код языка издания __
a Код языка текста rus
044 Код страны публикации __
a Код страны публикации RU
080 Индекс УДК __
a Индекс УДК 636.09(075.8)
084 Индекс другой классификации/Индекс ББК __
2 Источник индекса rubbk
a Индекс другой классификации/Индекс ББК 48я73
084 Индекс другой классификации/Индекс ББК __
2 Источник индекса okso
a Индекс другой классификации/Индекс ББК 36.03.02
100 Автор __
a Автор Данилкина О.П.
q Полное имя Данилкина Ольга Петровна
u Дополнение Красноярский Государственный Аграрный Университет
245 Заглавие __
a Заглавие Основы ветеринарии Часть 1
b Продолж. заглавия Учебное пособие
c Ответственность Красноярский Государственный Аграрный Университет
250 Сведения об издании __
a Основные сведения об издании 1
260 Выходные данные __
a Место издания Москва
b Издательство ООО "Научно-издательский центр ИНФРА-М"
c Дата издания 2025
300 Физическое описание __
a Объем 335 с.
440 Серия __
a Серия Высшее образование (КрГАУ)
520 Аннотация __
a Аннотация Учебное пособие содержит сведения по основам ветеринарии общетеоретические положения о заразных и незаразных болезнях животных с основами общей патологии ветеринарной фармакологии диагностики и хирургии. Включает задания для самостоятельного изучения дисциплины. Для проверки остаточных знаний и систематического самоконтроля по каждому разделу предлагаются контрольные вопросы. Соответствует требованиям федеральных государственных образовательных стандартов высшего образования последнего поколения. Предназначено для студентов обучающихся по направлению подготовки бакалавров 36.03.02 «Зоотехния».
521 Примеч. о цел. назн. __
a Примеч. о целев. назн. Профессиональное образование
650 Тематические рубрики __
a Основная рубрика Сельское хозяйство
x Основная подрубрика Ветеринария
655 Указ. предметных рубрик (устаревшее) __
a Жанр/ форма (устаревшее) Учебное пособие
856 Электронный адрес документа 4_
a Имя сервера/домена znanium.ru
m Помощь ebs_support@infra-m.ru
n Местонахождение сервера НИЦ ИНФРА-М
u URL https://znanium.ru/catalog/document?id=463787
856 Электронный адрес документа 48
a Имя сервера/домена znanium.ru
d Путь /cover/2208
f Электронное имя 2208971.jpg
q Тип электронного формата image/jpeg
u URL https://znanium.ru/cover/2208/2208971.jpg
911 __
u 0030=https://znanium.ru/catalog/document?id=463787